书目信息 |
| 题名: |
新生活
|
|
| 作者: | ;北京未来新世纪教育科学发展中心 编 | |
| 分册: | 14 学会推理之思 | |
| 出版信息: | 乌鲁木齐 新疆青少年出版社 2006 |
|
| 页数: | 154页 | |
| 开本: | 20cm | |
| 丛书名: | ||
| 单 册: | ||
| 中图分类: | Z228.2 | |
| 科图分类: | ||
| 主题词: | 推理--训练--少年读物 , 推理 , 百科全书--中国 | |
| 电子资源: | ||
| ISBN: | 7-5373-1466-7 | |
| 000 | 00957nam0 2200265 45 | |
| 001 | 012006292814 | |
| 005 | 20070116102816.46 | |
| 010 | @a7-5373-1466-7@dCNY198.00(全20册) | |
| 092 | @aCN@b505802 | |
| 100 | @a20060928d2006 em y0chiy0120 ea | |
| 101 | 0 | @achi |
| 102 | @aCN@b650000 | |
| 105 | @ay z 000yy | |
| 200 | 1 | @a新生活@9xin sheng huo@h14@i学会推理之思@f北京未来新世纪教育科学发展中心编 |
| 210 | @a乌鲁木齐@c新疆青少年出版社@a喀什@c喀什维吾尔文出版社@d2006 | |
| 215 | @a154页@d20cm | |
| 330 | @a本书主要内容包括:“如何明确概念”、“如何准确判断”、“推理的种类”、“有趣的理论”、“诡辩的学问”等。 | |
| 517 | 1 | @a学会推理之思@9xue hui tui li zhi si |
| 606 | 0 | @a推理@x训练@j少年读物 |
| 606 | 0 | @a推理 |
| 606 | 0 | @a百科全书@x中国 |
| 690 | @aZ228.2@v4 | |
| 711 | 02 | @a北京未来新世纪教育科学发展中心@9bei jing wei lai xin shi ji jiao yu ke xue fa zhan zhong xin@4编 |
| 801 | 0 | @aCN@bLZJBOOK@c20070116 |
| 905 | @a10447@dZ228.2@e174:14 | |
| 新生活.14.学会推理之思/北京未来新世纪教育科学发展中心编.-乌鲁木齐:新疆青少年出版社;喀什:喀什维吾尔文出版社,2006 |
| 154页;20cm |
| ISBN 7-5373-1466-7:CNY198.00(全20册) |
| 本书主要内容包括:“如何明确概念”、“如何准确判断”、“推理的种类”、“有趣的理论”、“诡辩的学问”等。 |
| ● |
| 相关链接 |
|
|
|
|
正题名:新生活
索取号:Z228.2/174:14
 
预约/预借
| 序号 | 登录号 | 条形码 | 馆藏地/架位号 | 状态 | 备注 |
| 1 | 0567231 | 205672315 | 第二样本阅览室/ [索取号:Z228.2/174:14] | 在馆 | |
| 2 | 0567232 | 205672324 | 第三借阅区/ [索取号:Z228.2/174:14] | 在馆 | |
| 3 | 0567233 | 205672333 | 第三借阅区/ [索取号:Z228.2/174:14] | 在馆 | |
| 4 | 0567234 | 205672342 | 第三借阅区/ [索取号:Z228.2/174:14] | 在馆 | |
| 5 | 0567235 | 205672351 | 第三借阅区/ [索取号:Z228.2/174:14] | 在馆 | |
| 6 | 0567236 | 205672360 | 第三借阅区/ [索取号:Z228.2/174:14] | 在馆 |